000 00338nam a2200133Ia 4500
008 240624s9999 xx 000 0 und d
041 _aeng
082 _a658.4056 CAR
100 _aCARSRUD ALAN L
245 _aUNDERSTANDING FAMILY FIRMS CASE STUDIES
260 _c2011
_aToronto
_bSpringer
300 _ax, : 102 : p.
365 _cERU
_b28
999 _c20409
_d20409